000
00323nam a22001337a 4500
008
171121b xxu||||| |||| 00| 0 eng d
020
_a
9780078600197
041
_a
eng
080
_2
7 ED
_a
34
100
_a
13
101
_a
JUR
245
_a
STREET LAW A COURSE IN PRACTICAL LAW
_c
ABERTMAN.L.P
942
_2
udc
_c
BK
999
_c
38275
_d
38275